00844 2200289 4500001002100000005001500021035002000036007000300056008004100059020002200100082001700122084001900139100003400158245006300192250003100255300002700286650002900313264003800342336002100380337003000401338002300431040002200454090002200476850001200498999002200510990002200532INLIS00000000090333620260225014226 a0010-0226001172ta260225s2025 yoi g ind d a978-623-466-691-504223a899.2211 a899.2211 AUL b0 aAulia Nuur HafifahePengarang10aBangunkan aku jika Desember berakhir /cAulia Nuur Hafifah aCetakan Pertama, Juli 2025 ax, 61 halaman ;c20 cm 4aPuisi Indonesia-kumpulan31aSleman :bZahir Publishing,c2025 2rdacontentateks 2rdamediaatanpa perantara 2rdacarrieravolume aYOPDYOGbinderda aCB-D.11 2025-5495 aYOPDYOG aCB-D.11/2025-5495 aCB-D.11/2025-5495